000 00345 a2200157 4500
001 14040
020 _a9788520004425
040 _cAnchieta - Aquarius
100 _aAntón, Rafael
240 1 0 _aEntão quem é?
_lpor
245 1 0 _aEntão quem é?
300 _a27p.
362 0 _a2015
650 4 _aLiteratura infanto-juvenil
942 _cBK
999 _c14040
_d14040